LEADER 00903nam a2200193 4500 001 000000356897 003 CaOOAMICUS 005 20240123115958.0 008 240123s1879 it 000 u ita r 040 $aSeMil$bita 245 00$aModificazioni al Tomo 2. del Regolamento di esercizi e di evoluzioni per la cavalleria. 264 1$aRoma :$bCarlo Voghera,$c1879. 300 $a32 p. :$bill. ;$c17 cm 773 0 $aItalia : Ministero della guerra$tRegolamento di esercizi e di evoluzioni per la cavalleria.$dRoma : Carlo Voghera, 1873-$w()356893 850 $aSeMil 852 $aSeMil$W1$xVenegono$y1$m1S I 46 FA$j245565$B248088$CSeMilBibl$Z2$F248088 $8I 996 $6245$aModificazioni al Tomo 2. del Regolamento di esercizi e di evoluzioni per la cavalleria$9(OLS)http://semarc/title/447117 996 $6264$aRoma :$bCarlo Voghera$9(OLS)http://semarc/publisher/56031 LEADER 00997nam a2200229 i 4500 001 000000063016 003 CaOOAMICUS 005 20130328000000.0 008 130328s1961 it u000 u ita u 013 $a34188 040 $aSeMil$bita 100 1 $aVinay, Valdo,$d<1906-1990>.$0(OLS)http://semarc/name/16013 245 10$aEvangelici italiani esuli a Londra durante il Risorgimento /$cValdo Vinay. 260 $aTorino :$bClaudiana,$c1961. 300 $a170 p. ;$c24 cm. 490 0 $aCollana della Facoltà valdese di teologia di Roma ;$v5 650 4$aProtestantesimo.$0(OLS)http://semarc/subject/936 830 0$aCollana della Facoltà valdese di teologia di Roma ;$v5.$0(OLS)http://semarc/title/6094 850 $aSeMil 852 $aSeMil$W1$xVenegono$y1$m2M III 216$j29169$B29169$CSeMilBibl$Z2$F29172 $81 996 $6245$aEvangelici italiani esuli a Londra durante il Risorgimento$9(OLS)http://semarc/title/99303 996 $6260$aTorino :$bClaudiana$9(OLS)http://semarc/publisher/29837